[Event "Rated Blitz game"]
[Site "?"]
[Date "2021.06.25"]
[Round "?"]
[White "titleuntitled_twitch"]
[Black "Beastofuyo"]
[Result "0-1"]
[WhiteElo "2423"]
[BlackElo "2379"]
[PlyCount "116"]
[EventDate "2021.??.??"]
[EventType "blitz"]

1. e4 e5 2. Nf3 Nc6 3. c3 d5 4. Qa4 dxe4 5. Nxe5 Nf6 6. Nxc6 bxc6 7. Qxc6+ Bd7
8. Qa6 Bc5 9. Bc4 O-O 10. O-O Rb8 11. d4 exd3 12. Bxd3 Ng4 13. Qc4 Bb6 14. h3
Ne5 15. Qe4 Nxd3 16. Qxd3 Qe8 17. Nd2 Rd8 18. Qe4 Be6 19. Nf3 Qb5 20. a4 Qd5
21. Qxd5 Bxd5 22. Be3 Bxe3 23. fxe3 a5 24. Rfd1 Bb3 25. Rd4 c5 26. Rxd8 Rxd8
27. Kf2 f6 28. Ke2 Kf7 29. Nd2 Bc2 30. Rc1 Bxa4 31. Ra1 Bc6 32. Rxa5 Bxg2 33.
Rxc5 Bxh3 34. Rc7+ Kg6 35. b4 h5 36. b5 Bg2 37. e4 h4 38. b6 h3 39. Nf3 Bxf3+
40. Kxf3 h2 41. Kg2 Rd2+ 42. Kh1 Rb2 43. b7 Kh6 44. c4 g5 45. Rf7 Kg6 46. Rf8
Rxb7 47. Kxh2 Rc7 48. Kg3 Rxc4 49. Kf3 Rc3+ 50. Kg4 Re3 51. Rg8+ Kf7 52. Ra8
Rxe4+ 53. Kf3 Rf4+ 54. Kg3 Rc4 55. Ra7+ Kg6 56. Ra6 Rd4 57. Kf3 Rd5 58. Ra5
Rxa5 {Normal} 0-1

[Event "Rated Blitz game"]
[Site "?"]
[Date "2021.06.25"]
[Round "?"]
[White "vascodiogo17"]
[Black "pipealiev"]
[Result "1-0"]
[WhiteElo "2439"]
[BlackElo "2356"]
[PlyCount "48"]
[EventDate "2021.??.??"]
[EventType "blitz"]

1. e4 e5 2. Nf3 Nc6 3. c3 d5 4. Qa4 f6 5. exd5 Qxd5 6. Bc4 Qe4+ 7. Kf1 Bf5 8.
d3 Qg4 9. h3 Qg6 10. Qb5 O-O-O 11. Nh4 Qh5 12. Nxf5 Qxf5 13. Be3 Nh6 14. Nd2
Nf7 15. Bxf7 Rxd3 16. Qc4 Nd8 17. Nf3 e4 18. Nd4 Qd7 19. Be6 Nxe6 20. Nxe6 b5
21. Nxf8 Rd1+ 22. Ke2 Rxh1 23. Nxd7 bxc4 24. Rxh1 Kxd7 {Normal} 1-0

[Event "Rated Blitz game"]
[Site "?"]
[Date "2021.06.25"]
[Round "?"]
[White "FedericoGonzalez"]
[Black "sodon84"]
[Result "1-0"]
[WhiteElo "2450"]
[BlackElo "2402"]
[PlyCount "69"]
[EventDate "2021.??.??"]
[EventType "blitz"]

1. e4 e5 2. Nf3 Nc6 3. c3 Nf6 4. d4 Nxe4 5. d5 Bc5 6. dxc6 Bxf2+ 7. Ke2 Bb6 8.
Qd5 Nf2 9. Qxe5+ Kf8 10. Rg1 dxc6 11. Be3 Bxe3 12. Qxe3 Nd1 13. Qc5+ Kg8 14. b3
b6 15. Qd4 Qe7+ 16. Kxd1 Bf5 17. Qe5 Rd8+ 18. Nbd2 Be6 19. Bc4 h5 20. Re1 Rh6
21. Nd4 Bg4+ 22. Kc2 Qa3 23. Nb1 Qf8 24. Qe7 Qxe7 25. Rxe7 c5 26. Rxf7 Kh8 27.
Nf3 c6 28. Nbd2 b5 29. Bd3 Kg8 30. Rxa7 Re6 31. Re1 Red6 32. Be4 c4 33. h3 Bc8
34. bxc4 bxc4 35. Nxc4 {Normal} 1-0

[Event "Rated Blitz game"]
[Site "?"]
[Date "2021.06.25"]
[Round "?"]
[White "Muradore"]
[Black "fordawin"]
[Result "0-1"]
[WhiteElo "2536"]
[BlackElo "2384"]
[PlyCount "62"]
[EventDate "2021.??.??"]
[EventType "blitz"]

1. e4 e5 2. Nf3 Nc6 3. c3 d5 4. Qa4 f6 5. d3 Be6 6. Be2 Qd7 7. O-O Nge7 8. Nbd2
g5 9. Nb3 Ng6 10. g3 h5 11. Re1 h4 12. Bf1 hxg3 13. fxg3 Qh7 14. Re2 g4 15.
Nfd2 O-O-O 16. Na5 Bc5+ 17. Kh1 Nf4 18. gxf4 exf4 19. Nxc6 g3 20. d4 Bg4 21.
Rg2 dxe4 22. Nxe4 Qxe4 23. Bxf4 Rxh2+ 24. Kg1 Qxf4 25. Nxa7+ Kb8 26. Nc6+ bxc6
27. Qb3+ Bb6 28. c4 Rxg2+ 29. Bxg2 Qf2+ 30. Kh1 Rh8+ 31. Bh3 Rxh3# {Normal} 0-1

[Event "Rated Blitz game"]
[Site "?"]
[Date "2021.06.25"]
[Round "?"]
[White "massa_tom"]
[Black "Pudu_Puda"]
[Result "0-1"]
[WhiteElo "2311"]
[BlackElo "2481"]
[PlyCount "44"]
[EventDate "2021.??.??"]
[EventType "blitz"]

1. e4 e5 2. Nf3 Nc6 3. c3 Nf6 4. d4 exd4 5. e5 Nd5 6. cxd4 Bb4+ 7. Nbd2 d6 8.
Bb5 O-O 9. Bxc6 bxc6 10. O-O Bf5 11. h3 Re8 12. Nc4 c5 13. a3 cxd4 14. axb4
dxe5 15. Ncxe5 Nxb4 16. Bf4 c5 17. Nc4 Re6 18. Re1 Rxe1+ 19. Nxe1 Qd5 20. Nb6
axb6 21. Rxa8+ Qxa8 22. Qe2 h6 {Normal} 0-1

[Event "Rated Blitz game"]
[Site "?"]
[Date "2021.06.25"]
[Round "?"]
[White "Zadokhlik"]
[Black "Protput"]
[Result "0-1"]
[WhiteElo "2446"]
[BlackElo "2430"]
[PlyCount "82"]
[EventDate "2021.??.??"]
[EventType "blitz"]

1. e4 e5 2. Nf3 Nc6 3. c3 d5 4. Qa4 dxe4 5. Nxe5 Qd5 6. Bb5 Bd7 7. Nxd7 Kxd7 8.
O-O Bd6 9. d3 Nf6 10. Nd2 exd3 11. Nf3 a6 12. Bc4 Qh5 13. Bxd3 Rad8 14. Be3 Kc8
15. Bxa6 bxa6 16. Qxc6 Qb5 17. Qxb5 axb5 18. Nd4 b4 19. Nc6 Rde8 20. Nxb4 Ng4
21. Nc2 Bxh2+ 22. Kh1 Bd6 23. Rfe1 f6 24. f3 Nxe3 25. Nxe3 h5 26. Nf5 Be5 27.
Nxg7 Rd8 28. Rad1 h4 29. Ne6 Rxd1 30. Rxd1 h3 31. g4 h2 32. f4 Bd6 33. Rd2 Re8
34. f5 Rg8 35. Rg2 Kd7 36. b4 Kc6 37. a4 Ra8 38. a5 Kb5 39. Rxh2 Bxh2 40. Kxh2
Kc4 41. Nxc7 Rh8+ {Time forfeit} 0-1

[Event "Rated Blitz game"]
[Site "?"]
[Date "2021.06.25"]
[Round "?"]
[White "MisterMarple1963"]
[Black "ne_Tal"]
[Result "1-0"]
[WhiteElo "2467"]
[BlackElo "2393"]
[PlyCount "61"]
[EventDate "2021.??.??"]
[EventType "blitz"]

1. e4 e5 2. Nf3 Nc6 3. c3 Bc5 4. d4 exd4 5. cxd4 Bb4+ 6. Nc3 Nf6 7. Bd3 O-O 8.
O-O Bxc3 9. bxc3 d5 10. e5 Ne4 11. Qc2 f5 12. Ne1 Be6 13. f3 Ng5 14. h4 Nf7 15.
g3 Na5 16. Ng2 g6 17. Nf4 Qd7 18. h5 Kg7 19. h6+ Kg8 20. g4 Nd8 21. Nxe6 Nxe6
22. gxf5 Nf4 23. Bxf4 gxf5 24. Kf2 Kh8 25. Rg1 Rg8 26. Rxg8+ Rxg8 27. Rg1 Rxg1
28. Kxg1 Nc4 29. Qg2 Na3 30. Qg5 Qf7 31. e6 {Normal} 1-0

[Event "Rated Blitz game"]
[Site "?"]
[Date "2021.06.25"]
[Round "?"]
[White "Zadokhlik"]
[Black "Antonchempion"]
[Result "1-0"]
[WhiteElo "2438"]
[BlackElo "2279"]
[PlyCount "63"]
[EventDate "2021.??.??"]
[EventType "blitz"]

1. e4 e5 2. Nf3 Nc6 3. c3 d6 4. d4 exd4 5. cxd4 g6 6. h3 Bg7 7. Nc3 Nge7 8. Bc4
O-O 9. O-O a6 10. a4 h6 11. Re1 Kh7 12. a5 b5 13. axb6 cxb6 14. Bf4 Bb7 15. Nd5
b5 16. Nxe7 Qxe7 17. Bd5 Qf6 18. Bg3 Ra7 19. e5 dxe5 20. dxe5 Qd8 21. e6 Nb4
22. e7 Qxd5 23. exf8=Q Bxf8 24. Qxd5 Bxd5 25. Rad1 Bxf3 26. gxf3 Bg7 27. Be5
Nc2 28. Re2 Re7 29. Rxc2 Bxe5 30. Re1 Bf6 31. Rxe7 Bxe7 32. Rc7 {Normal} 1-0

[Event "Rated Blitz game"]
[Site "?"]
[Date "2021.06.25"]
[Round "?"]
[White "mandarria"]
[Black "rhayalcantara"]
[Result "1-0"]
[WhiteElo "2434"]
[BlackElo "2343"]
[PlyCount "91"]
[EventDate "2021.??.??"]
[EventType "blitz"]

1. e4 e5 2. Nf3 Nc6 3. c3 Nf6 4. d4 exd4 5. e5 Nd5 6. Bc4 Nb6 7. Bb3 Be7 8.
cxd4 d5 9. Nc3 O-O 10. h3 Bf5 11. O-O Na5 12. Bc2 Bxc2 13. Qxc2 Nc6 14. b3 f6
15. Be3 fxe5 16. dxe5 Rxf3 17. gxf3 d4 18. Rad1 Qf8 19. Bxd4 Qxf3 20. Qd3 Nxd4
21. Qxd4 Qxh3 22. Rfe1 Rf8 23. Rd3 Qh5 24. Rg3 Bh4 25. Rg2 Be7 26. Qg4 Qxg4 27.
Rxg4 Bc5 28. Ne4 Bd4 29. Nf6+ Kf7 30. Rxd4 gxf6 31. exf6 Kxf6 32. Rf4+ Kg7 33.
Re7+ Kg8 34. Rxf8+ Kxf8 35. Rxc7 h5 36. Rxb7 Nd5 37. Rxa7 Nf4 38. b4 Ne2+ 39.
Kh2 Nd4 40. a4 Nc6 41. Rb7 Ke8 42. a5 Ne5 43. a6 Kd8 44. a7 Ng4+ 45. Kg3 Kc8
46. a8=Q# {Normal} 1-0

[Event "Rated Blitz game"]
[Site "?"]
[Date "2021.06.25"]
[Round "?"]
[White "SWY"]
[Black "chesspartha"]
[Result "0-1"]
[WhiteElo "2406"]
[BlackElo "2407"]
[PlyCount "50"]
[EventDate "2021.??.??"]
[EventType "blitz"]

1. e4 e5 2. Nf3 Nc6 3. c3 Nf6 4. d4 Nxe4 5. d5 Nb8 6. Nxe5 d6 7. Bb5+ Nd7 8.
Qf3 Nef6 9. Nxd7 Bxd7 10. Bd3 Be7 11. O-O O-O 12. Bf4 Bg4 13. Qg3 Qd7 14. h3
Bf5 15. c4 Nh5 16. Qf3 Bxd3 17. Qxh5 Bxf1 18. Kxf1 Bf6 19. Nc3 Bxc3 20. bxc3
Qa4 21. Qe2 Rae8 22. Qd3 Re7 23. h4 Rfe8 24. h5 Re4 25. Be3 Qxc4 {Normal} 0-1

[Event "Rated Blitz game"]
[Site "?"]
[Date "2021.06.25"]
[Round "?"]
[White "bkara"]
[Black "Abbasgholizadeh"]
[Result "1-0"]
[WhiteElo "2538"]
[BlackElo "2351"]
[PlyCount "77"]
[EventDate "2021.??.??"]
[EventType "blitz"]

1. e4 e5 2. Nf3 Nc6 3. c3 Nf6 4. d4 exd4 5. e5 Nd5 6. Qb3 Nb6 7. cxd4 d5 8. Bb5
Bb4+ 9. Qxb4 Bg4 10. Bxc6+ bxc6 11. Nbd2 a5 12. Qc3 Qd7 13. h3 Bh5 14. Nf1 O-O
15. Ng3 Bg6 16. O-O a4 17. Bf4 Nc4 18. b3 axb3 19. axb3 Rxa1 20. Rxa1 Nb6 21.
Rc1 f6 22. Qxc6 Qxc6 23. Rxc6 fxe5 24. Bxe5 Nd7 25. Rxc7 Nxe5 26. Nxe5 Bb1 27.
Nh5 g6 28. Ng3 Rb8 29. Ng4 Rxb3 30. Nf6+ Kf8 31. Nxh7+ Ke8 32. Nf6+ Kd8 33.
Rd7+ Kc8 34. Rxd5 Ba2 35. Rc5+ Kd8 36. Nge4 Rb1+ 37. Kh2 Rd1 38. d5 Rc1 39.
Rxc1 {Normal} 1-0

[Event "Rated Blitz game"]
[Site "?"]
[Date "2021.06.25"]
[Round "?"]
[White "mandarria"]
[Black "SybariticSuffocation"]
[Result "0-1"]
[WhiteElo "2424"]
[BlackElo "2317"]
[PlyCount "108"]
[EventDate "2021.??.??"]
[EventType "blitz"]

1. e4 e5 2. Nf3 Nc6 3. c3 Nf6 4. d4 exd4 5. e5 Nd5 6. Bc4 Nb6 7. Bb3 dxc3 8.
Nxc3 Bb4 9. O-O Bxc3 10. bxc3 O-O 11. Ng5 Nxe5 12. f4 Ng6 13. Qh5 h6 14. Nxf7
Rxf7 15. Qxg6 Qf6 16. Bxf7+ Qxf7 17. Qxf7+ Kxf7 18. Be3 d6 19. a4 Bf5 20. a5
Nd5 21. Bd2 b5 22. axb6 Nxb6 23. Be3 c5 24. Ra6 Bd3 25. Rxb6 axb6 26. Rd1 Be4
27. Rxd6 Ra3 28. Rxb6 Rxc3 29. Kf2 Rc2+ 30. Ke1 c4 31. g4 Rxh2 32. Bd4 Rh4 33.
Kf2 Rxg4 34. Ke3 Bd5 35. Rd6 Rg3+ 36. Kf2 Rf3+ 37. Ke2 Be4 38. Rd7+ Ke6 39.
Rxg7 Rxf4 40. Ke3 Rh4 41. Rc7 Bd5 42. Ba1 Rh1 43. Bb2 Rh3+ 44. Kd2 h5 45. Rh7
Kf5 46. Re7 Rd3+ 47. Kc2 h4 48. Bc3 h3 49. Be5 Re3 50. Kd2 Rxe5 51. Rh7 Kg4 52.
Kd1 Rh5 53. Rg7+ Kf4 54. Rf7+ Bxf7 {Normal} 0-1

[Event "Rated Blitz game"]
[Site "?"]
[Date "2021.06.25"]
[Round "?"]
[White "Gryzlo"]
[Black "NoveltyOfTheYear"]
[Result "0-1"]
[WhiteElo "2614"]
[BlackElo "2574"]
[PlyCount "36"]
[EventDate "2021.??.??"]
[EventType "blitz"]

1. e4 e5 2. Nf3 Nc6 3. c3 Nf6 4. d4 Nxe4 5. d5 Bc5 6. dxc6 Bxf2+ 7. Ke2 Bb6 8.
Qd5 Nf2 9. cxb7 Bxb7 10. Qxb7 O-O 11. Be3 Rb8 12. Qd5 Bxe3 13. Kxe3 Nxh1 14. b3
c6 15. Qd6 e4 16. Nd4 Qh4 17. Nd2 Qf2+ 18. Kxe4 Qxd2 {Normal} 0-1

[Event "Rated Blitz game"]
[Site "?"]
[Date "2021.06.25"]
[Round "?"]
[White "Brieferehl"]
[Black "vladpodat"]
[Result "0-1"]
[WhiteElo "2251"]
[BlackElo "2441"]
[PlyCount "100"]
[EventDate "2021.??.??"]
[EventType "blitz"]

1. e4 e5 2. Nf3 Nc6 3. c3 d5 4. Qa4 f6 5. d3 Nge7 6. Be2 Be6 7. O-O Qd7 8. Be3
Nc8 9. Nbd2 Nb6 10. Bxb6 cxb6 11. Qb5 Bc5 12. Nb3 Be7 13. exd5 Qxd5 14. d4 e4
15. Nfd2 f5 16. Qxd5 Bxd5 17. c4 Bf7 18. d5 Ne5 19. Nd4 g6 20. Nb5 O-O 21. Nb3
a6 22. N5d4 Rac8 23. Nd2 Bf6 24. Rfd1 Nd3 25. Bxd3 Bxd4 26. Be2 Bxb2 27. Rab1
Bd4 28. Nxe4 Be5 29. Ng5 Bc7 30. Nxf7 Kxf7 31. Bf3 Rfd8 32. d6 Rxd6 33. Bxb7
Rcd8 34. Rxd6 Rxd6 35. Bxa6 Rd2 36. Kf1 Rxa2 37. Bb5 Bd6 38. g3 Bc5 39. Rd1
Rxf2+ 40. Ke1 Rxh2 41. Rd7+ Ke6 42. Rd8 Ke5 43. Re8+ Kd4 44. Re2 Rh1+ 45. Kd2
Rg1 46. Re3 Rg2+ 47. Re2 Rxg3 48. Kc2 h5 49. Rd2+ Ke5 50. Re2+ Kf6 {Time
forfeit} 0-1

[Event "Rated Blitz game"]
[Site "?"]
[Date "2021.06.25"]
[Round "?"]
[White "ogbeks"]
[Black "thoroughlychecked"]
[Result "0-1"]
[WhiteElo "2223"]
[BlackElo "2407"]
[PlyCount "74"]
[EventDate "2021.??.??"]
[EventType "blitz"]

1. e4 e5 2. Nf3 Nc6 3. c3 d5 4. Bb5 dxe4 5. Nxe5 Qg5 6. d4 Qxg2 7. Rf1 a6 8.
Qa4 Nge7 9. Nxc6 Bd7 10. Bf4 bxc6 11. Bc4 Nd5 12. Bg3 Bd6 13. Qb3 O-O 14. Bxd5
cxd5 15. Qxd5 Rab8 16. b3 Bg4 17. Nd2 Rfe8 18. Nc4 Bxg3 19. hxg3 Qf3 20. Kd2
Qe2+ 21. Kc1 Qxf1+ 22. Kb2 Qxf2+ 23. Ka3 e3 24. Qg5 e2 25. Qxg4 e1=Q 26. Rxe1
Qxe1 27. Qf3 Qe7+ 28. Kb2 c5 29. Ne5 cxd4 30. Nc6 Qe2+ 31. Qxe2 Rxe2+ 32. Kc1
Rc8 33. Nxd4 Rxc3+ 34. Kd1 Rxa2 35. b4 Rxg3 36. Ne2 Rg2 37. Nc3 Rg1# {Normal}
0-1

[Event "Rated Blitz game"]
[Site "?"]
[Date "2021.06.25"]
[Round "?"]
[White "AlexeyLV"]
[Black "retardedplatypus123"]
[Result "0-1"]
[WhiteElo "2561"]
[BlackElo "2596"]
[PlyCount "98"]
[EventDate "2021.??.??"]
[EventType "blitz"]

1. e4 e5 2. Nf3 Nc6 3. c3 d5 4. Qa4 f6 5. d3 Nge7 6. b4 Be6 7. b5 Nb8 8. Be2
Qd7 9. O-O g5 10. c4 c6 11. bxc6 bxc6 12. Ba3 Ng6 13. Rd1 Nf4 14. Bf1 g4 15.
Nh4 a5 16. g3 Ng6 17. Bxf8 Nxh4 18. Bh6 Nf3+ 19. Kh1 Qf7 20. Nd2 Nxh2 21. Kxh2
Qh5+ 22. Kg1 Qxh6 23. cxd5 Bd7 24. Nc4 O-O 25. Nb6 Ra7 26. Nxd7 Rxd7 27. d4
cxd5 28. exd5 Rdf7 29. d6 Kh8 30. Bc4 Rg7 31. dxe5 fxe5 32. d7 Rd8 33. Bb5 Qe6
34. Rac1 Re7 35. Qc4 Qxc4 36. Rxc4 Kg7 37. Rc7 Kf6 38. Kg2 Kf5 39. Bd3+ e4 40.
Bb5 Kf6 41. Rd5 Ke6 42. Bc4 Nxd7 43. Rdxd7+ Kf6 44. Rxe7 Rd2 45. Rf7+ Kg6 46.
Rg7+ Kf5 47. Rce7 e3 48. Rgf7+ Kg5 49. Rxe3 Rxf2+ {Time forfeit} 0-1

[Event "Rated Blitz game"]
[Site "?"]
[Date "2021.06.25"]
[Round "?"]
[White "Muradore"]
[Black "RL12"]
[Result "0-1"]
[WhiteElo "2531"]
[BlackElo "2593"]
[PlyCount "102"]
[EventDate "2021.??.??"]
[EventType "blitz"]

1. e4 e5 2. Nf3 Nc6 3. c3 d6 4. d4 Nf6 5. dxe5 Nxe5 6. Nxe5 dxe5 7. Qxd8+ Kxd8
8. f3 Bc5 9. Nd2 Ke7 10. Nc4 Be6 11. Nxe5 Rhd8 12. Bc4 Nd7 13. Nxd7 Rxd7 14.
Bxe6 Kxe6 15. Ke2 Rad8 16. Bf4 g5 17. Bc1 h6 18. h4 gxh4 19. Bxh6 Rg8 20. Rh2
Bd6 21. f4 f6 22. Kf1 Rh7 23. e5 fxe5 24. fxe5 Bxe5 25. Rxh4 Rg6 26. Bg5 Rf7+
27. Kg1 Rxg5 28. Re1 Rff5 29. Rh7 Kd5 30. b3 Kc6 31. Re3 Bd6 32. b4 b5 33. Rh6
Rd5 34. Kf2 Rd2+ 35. Kf3 Rgxg2 36. Ke4 Rxa2 37. Rd3 Rge2+ 38. Kf3 Red2 39. Ke4
Re2+ 40. Kf3 Rf2+ 41. Ke4 Rg2 42. Re3 Raf2 43. Kd3 Kb6 44. Ke4 Re2 45. Kd3
Rxe3+ 46. Kxe3 Rg3+ 47. Kd4 a5 48. bxa5+ Kxa5 49. Rh1 Kb6 50. Rh5 Rg1 51. Rg5
Rxg5 {Normal} 0-1

[Event "Rated Blitz game"]
[Site "?"]
[Date "2021.06.25"]
[Round "?"]
[White "Striker17TR"]
[Black "gmftorres1"]
[Result "0-1"]
[WhiteElo "2432"]
[BlackElo "2548"]
[PlyCount "80"]
[EventDate "2021.??.??"]
[EventType "blitz"]

1. e4 e5 2. Nf3 Nc6 3. c3 Nf6 4. d4 Nxe4 5. d5 Ne7 6. Nxe5 d6 7. Nf3 Bg4 8. Be2
Nf6 9. c4 Ng6 10. O-O Be7 11. Nc3 O-O 12. Re1 a6 13. Nd4 Bxe2 14. Qxe2 Re8 15.
Bd2 Qd7 16. Qd3 Ne5 17. Qe2 Bf8 18. f4 Ng6 19. Qf3 Nh4 20. Qf2 Nf5 21. h3 h5
22. Rxe8 Rxe8 23. Re1 g6 24. Rxe8 Nxe8 25. Ne4 Bg7 26. Bc3 b5 27. cxb5 axb5 28.
Ng3 Nxd4 29. Bxd4 Qe7 30. Bxg7 Nxg7 31. Qe2 Qf6 32. Qxb5 Qxf4 33. Qd3 Qc1+ 34.
Kh2 Qxb2 35. Ne4 Qe5+ 36. Kg1 Nf5 37. Qe2 Kg7 38. a4 Qxd5 39. Qb2+ Nd4 40. Qe2
Nxe2+ {Normal} 0-1

[Event "Rated Blitz game"]
[Site "?"]
[Date "2021.06.25"]
[Round "?"]
[White "Arteler"]
[Black "Chesstomioka"]
[Result "0-1"]
[WhiteElo "2609"]
[BlackElo "2626"]
[PlyCount "138"]
[EventDate "2021.??.??"]
[EventType "blitz"]

1. e4 e5 2. Nf3 Nc6 3. c3 Nf6 4. d4 exd4 5. e5 Nd5 6. cxd4 d6 7. Bc4 Nb6 8. Bb3
d5 9. O-O Be7 10. Nc3 Be6 11. a4 a5 12. Bc2 Nb4 13. Bb1 Qd7 14. Bd2 h6 15. Nb5
c6 16. Na3 Nc4 17. Nxc4 dxc4 18. Qe2 Bd5 19. Be4 Bxe4 20. Qxe4 Qe6 21. Bxb4
Bxb4 22. Rac1 O-O 23. Qe2 b5 24. Rfd1 Rfd8 25. h3 Rd5 26. b3 cxb3 27. axb5 cxb5
28. Rb1 a4 29. Nh2 Rad8 30. Ng4 Bc3 31. Ne3 Rxd4 32. Qxb5 Rxd1+ 33. Nxd1 Bxe5
34. Qxa4 b2 35. Qc2 Qb6 36. Ne3 Qb4 37. Qf5 Bf6 38. Nd5 Qd4 39. Nxf6+ gxf6 40.
Kh2 Rb8 41. Qc2 Qe5+ 42. g3 Kg7 43. Kg2 Qd4 44. Re1 Qb4 45. Rb1 Qb7+ 46. Kg1
Qb3 47. Qe2 Rb4 48. Kh2 Qc3 49. Qg4+ Rxg4 50. hxg4 Qc2 51. Rf1 b1=Q 52. Rxb1
Qxb1 53. Kg2 Qc2 54. Kf3 Kg6 55. Kf4 Qxf2+ 56. Ke4 Qxg3 57. g5 Qg4+ 58. Kd5
Qxg5+ 59. Kd6 Qe5+ 60. Kd7 f5 61. Kc6 f4 62. Kd7 f3 63. Kc6 f2 64. Kd7 f1=Q 65.
Kc6 Qd1 66. Kb7 Qee2 67. Kc8 Qec2+ 68. Kb7 Qdb1+ 69. Ka8 Qca2# {Normal} 0-1

[Event "Rated Blitz game"]
[Site "?"]
[Date "2021.06.25"]
[Round "?"]
[White "mandarria"]
[Black "Jero_el_siniestro"]
[Result "1/2-1/2"]
[WhiteElo "2423"]
[BlackElo "2573"]
[PlyCount "25"]
[EventDate "2021.??.??"]
[EventType "blitz"]

1. e4 e5 2. Nf3 Nc6 3. c3 d5 4. Qa4 dxe4 5. Nxe5 Bd7 6. Nxd7 Qxd7 7. Qxe4+ Be7
8. Bb5 Nf6 9. Qf3 O-O 10. O-O Ne5 11. Qe2 Qd6 12. d4 Ng6 13. Bd3 {Normal}
1/2-1/2

[Event "Lobanov Memorial Rapid"]
[Site "Sochi RUS"]
[Date "2021.06.24"]
[Round "3.6"]
[White "Esipenko, Aleksandr"]
[Black "Nesterov, Arseniy"]
[Result "0-1"]
[WhiteElo "2075"]
[BlackElo "2479"]
[PlyCount "62"]
[EventDate "2021.06.24"]
[EventType "rapid"]
[SourceTitle "The Week in Chess 1390"]
[Source "Mark Crowther"]
[SourceDate "2021.06.28"]
[SourceVersion "2"]
[SourceVersionDate "2021.06.28"]
[SourceQuality "2"]

1. e4 e5 2. Nf3 Nc6 3. c3 d5 4. Qa4 Qd6 5. Bb5 Bd7 6. exd5 Qxd5 7. O-O O-O-O 8.
d4 e4 9. Ne1 a6 10. Bxc6 Bxc6 11. Qb3 Bb5 12. Qxd5 Rxd5 13. f3 Bxf1 14. fxe4
Bxg2 15. exd5 Bxd5 16. Bf4 c5 17. Nc2 cxd4 18. cxd4 Nf6 19. Nc3 Be6 20. Ne3 Nh5
21. Bg5 h6 22. Bh4 g5 23. Bf2 Nf4 24. d5 Bd7 25. Bg3 Bc5 26. Bf2 Nh3+ 27. Kg2
Nxf2 28. Kxf2 Re8 29. Re1 f5 30. b4 Ba7 31. Kf3 g4+ 0-1

[Event "Rated Blitz tournament n92ABFnJ"]
[Site "?"]
[Date "2021.06.24"]
[Round "?"]
[White "LucaVialli"]
[Black "JoseNahum000"]
[Result "1/2-1/2"]
[WhiteElo "2438"]
[BlackElo "2376"]
[PlyCount "170"]
[EventDate "2021.??.??"]
[EventType "blitz"]

1. e4 e5 2. Nf3 Nc6 3. c3 Nf6 4. d4 exd4 5. e5 Ne4 6. Qe2 Nc5 7. cxd4 Na6 8.
Nc3 Be7 9. a3 d5 10. h3 O-O 11. Qe3 Nab8 12. Bd3 h6 13. Bd2 Na5 14. O-O Nb3 15.
Rae1 c5 16. Bc2 Nxd2 17. Qxd2 c4 18. Bb1 Nc6 19. Nh2 f6 20. exf6 Bxf6 21. Nf3
Re8 22. Qc2 Kf8 23. Rxe8+ Qxe8 24. Nxd5 Nxd4 25. Nxd4 Bxd4 26. Qxc4 Be5 27. Ba2
Be6 28. Qc5+ Kf7 29. Re1 Rc8 30. Qe3 Bb8 31. Qf3+ Kg8 32. Rxe6 Qxe6 33. Nc3 Rc4
34. Bxc4 Qxc4 35. Qxb7 Qf4 36. Qd5+ Kh8 37. Qd8+ Kh7 38. g3 Qc1+ 39. Kg2 Qxb2
40. Qd3+ Kh8 41. Nd5 Bd6 42. a4 Bc5 43. Qf3 Qd4 44. Nf4 Qxa4 45. Ng6+ Kh7 46.
Qf5 Qc6+ 47. Kh2 Qxg6 48. Qxc5 Qb6 49. Qc2+ Kh8 50. Kg2 a5 51. Qc8+ Kh7 52.
Qf5+ Kg8 53. Qc8+ Kf7 54. Qd7+ Kf6 55. g4 Qb4 56. Qc6+ Kf7 57. Qd7+ Kf6 58.
Qd8+ Ke6 59. Qe8+ Kd5 60. Qf7+ Kc5 61. Qxg7 a4 62. Qxh6 a3 63. Qf8+ Kc4 64.
Qf7+ Kc3 65. g5 Qe4+ 66. Kg3 Qd3+ 67. f3 Kb2 68. Qf6+ Qc3 69. Qb6+ Kc1 70. Qg1+
Kc2 71. Qf2+ Qd2 72. Qc5+ Qc3 73. Qf2+ Qd2 74. Qc5+ Kb3 75. Qb5+ Qb4 76. Qd5+
Kb2 77. Qe5+ Qc3 78. Qb5+ Kc2 79. Qe2+ Qd2 80. Qc4+ Kb1 81. Qb3+ Qb2 82. Qd1+
Qc1 83. Qb3+ Qb2 84. Qd1+ Qc1 85. Qb3+ Qb2 {Normal} 1/2-1/2

[Event "Rated Blitz game"]
[Site "?"]
[Date "2021.06.24"]
[Round "?"]
[White "SWY"]
[Black "terzic64"]
[Result "1-0"]
[WhiteElo "2408"]
[BlackElo "2480"]
[PlyCount "97"]
[EventDate "2021.??.??"]
[EventType "blitz"]

1. e4 Nc6 2. Nf3 e5 3. c3 Nf6 4. d4 Nxe4 5. d5 Nb8 6. Nxe5 Bc5 7. Qf3 O-O 8.
Qxe4 d6 9. Bd3 g6 10. O-O Re8 11. Nxf7 Kxf7 12. Qf3+ Kg7 13. Nd2 Nd7 14. Ne4
Ne5 15. Qg3 Nxd3 16. Qxd3 Bf5 17. Re1 Qh4 18. Be3 Rxe4 19. g3 Qg4 20. h3 Qf3
21. Bd4+ Rxd4 22. Qxf3 Rd2 23. Re2 Rd3 24. Qf4 Rf8 25. Re7+ Rf7 26. Rae1 Rxd5
27. Rxf7+ Kxf7 28. g4 g5 29. Qxg5 Be6 30. Qh6 Re5 31. Qxh7+ Ke8 32. Qh8+ Kd7
33. Rxe5 dxe5 34. Qxe5 Bd6 35. Qg7+ Kc6 36. h4 Bxa2 37. h5 a5 38. h6 b5 39. h7
b4 40. cxb4 axb4 41. h8=Q Bd5 42. Qd4 b3 43. g5 Bc5 44. Qhf6+ Bd6 45. g6 Bg8
46. g7 Kb7 47. Qe4+ Kb6 48. Qe8 Bd5 49. g8=Q {Normal} 1-0

[Event "Rated Blitz game"]
[Site "?"]
[Date "2021.06.24"]
[Round "?"]
[White "Zadokhlik"]
[Black "scandalgod"]
[Result "1-0"]
[WhiteElo "2437"]
[BlackElo "2575"]
[PlyCount "41"]
[EventDate "2021.??.??"]
[EventType "blitz"]

1. e4 e5 2. Nf3 Nc6 3. c3 d5 4. Qa4 f6 5. Bb5 Nge7 6. exd5 Qxd5 7. O-O Bd7 8.
d4 exd4 9. cxd4 O-O-O 10. Nc3 Qh5 11. Bf4 g5 12. Bg3 g4 13. Nd2 Bh6 14. Nc4 f5
15. d5 Nb8 16. d6 f4 17. dxe7 fxg3 18. exd8=Q+ Rxd8 19. Bxd7+ Rxd7 20. hxg3 a6
21. Rad1 {Normal} 1-0

[Event "Rated Blitz game"]
[Site "?"]
[Date "2021.06.24"]
[Round "?"]
[White "gambitschlumpf"]
[Black "HB10"]
[Result "1-0"]
[WhiteElo "2328"]
[BlackElo "2426"]
[PlyCount "83"]
[EventDate "2021.??.??"]
[EventType "blitz"]

1. e4 e5 2. Nf3 Nc6 3. c3 Nf6 4. d4 exd4 5. cxd4 Nxe4 6. Bd3 d5 7. O-O Bd6 8.
Re1 Bf5 9. Nc3 O-O 10. Nxe4 dxe4 11. Bxe4 Bg4 12. h3 Bxf3 13. Bxf3 Nxd4 14.
Bxb7 Rb8 15. Be4 c5 16. Be3 Re8 17. Qb1 g6 18. b3 Qe7 19. Bxd4 cxd4 20. Bc6
Qxe1+ 21. Qxe1 Rxe1+ 22. Rxe1 Rc8 23. Bd5 Rc2 24. a4 Bc5 25. Rd1 Kg7 26. Rd3 a5
27. g4 f6 28. Kg2 Kf8 29. Kf3 Ke7 30. Bc4 Kd6 31. Bg8 h6 32. Bh7 Ke5 33. Bxg6
Bb4 34. Kg3 Be1 35. Rf3 Re2 36. Bd3 Rd2 37. Rf5+ Ke6 38. Bc4+ Ke7 39. Rf4 Rd1
40. Kf3 Rd2 41. Re4+ Kd7 42. Rxe1 {Normal} 1-0

[Event "Rated Blitz game"]
[Site "?"]
[Date "2021.06.24"]
[Round "?"]
[White "Buzilo"]
[Black "JeremyDuran"]
[Result "0-1"]
[WhiteElo "2421"]
[BlackElo "2373"]
[PlyCount "60"]
[EventDate "2021.??.??"]
[EventType "blitz"]

1. e4 e5 2. Nf3 Nc6 3. c3 Nf6 4. d4 exd4 5. e5 Ne4 6. cxd4 d5 7. Bb5 Bb4+ 8.
Nbd2 O-O 9. O-O Bg4 10. Bxc6 bxc6 11. Qc2 f6 12. Qxc6 fxe5 13. Nxe4 Bxf3 14.
Ng5 Be2 15. Be3 Bxf1 16. Ne6 Qf6 17. Qxd5 Kh8 18. Nxf8 Rxf8 19. Rxf1 Bd6 20.
dxe5 Bxe5 21. b3 a6 22. g3 h5 23. h4 Bd6 24. Qxh5+ Kg8 25. Qd5+ Kh7 26. Qh5+
Kg8 27. Qd5+ Rf7 28. Bd4 Qe7 29. Re1 Qxe1+ 30. Kg2 Qe7 {Normal} 0-1